Statistics for The Ultimate NazCompgames' Lounge Quiz

Click here to take the quiz!

General Stats

  • This quiz has been taken 15 times
  • The average score is 37 of 50

Answer Stats

HintAnswer% Correct
In what year was NazCompgames' Lounge created?2021
100%
How many reaction roles does the server have?4
91%
How many bots are there on the server?6
91%
Which continent is nobody on the server from?Africa|South America|Oceania
91%
Who suggested the creation of the #cringe-stories channel?api
91%
Who has both the Close Friend role and the Moderator role?bebelnirk|NazCompgames
91%
What is the highest role in the server behind Moderator?Close Friend
91%
What are the bots in the server named after?Geometry Dash Content Creators
91%
Who was the first person to receive the aforementioned role?Gloover
91%
Who suggested the creation of the #weekly-motivation channel?Gloover
91%
The IRL name of: NazCompgamesNazariy
91%
What voice channel does the Reliable role unlock?streaming
91%
What is the name of the legendary (ex-)thumbnail maker in the server?Svenpogi
91%
What is a role that only one person in the server has?The Legendary Naz|Joe Biden|Barack Obama|Thumbnail Slave|Server Booster|The one and only Mr.AlliHunter|Gigachad|Epic custom role|Local Meme Poster
91%
Which Close Friend has not beaten an extreme demon yet?Thy|Razin
91%
How many members does the server have? (06.09.2022) (round to the nearest ten)110
82%
The IRL name of: GlooverErik
82%
Who is the oldest member of the server?KuzzK
82%
Who was the last person to receive the aforementioned role? (not counting rejoins)Leon
82%
What is the list of the hardest demons completed in the server called?Naz Lounge Demonlist
82%
What show was the server supposed to have a watch party of but never ended up doing?Ninjago: Masters of Spinjitzu
82%
Who has the most bans on the server? (and is currently permanently banned)nPumpz
82%
Which role unlocks the #demonlist-discussion channel and a voice channel?Pointercrate List Points
82%
The IRL name of: NeonFilmsRex
82%
Where did most of the server members join through?twitch.tv
82%
Citizens of what country have the highest number of members on the server?United States of America
82%
Who was the latest addition to the Moderator team?Adampate
73%
What top 20 player on pointercrate.com has joined the server before?Crisis|Trick
73%
The IRL name of: LeonLeonardo
73%
What was the most recently created channel in the server?#links
73%
What role does one obtain by "rebeating" their hardest? (but on NazCompgames' account)Moderator
73%
The IRL name of: ThyRowan
73%
What party games do members of the server like to play regularly?skribbl.io|Gartic Phone|Bomb Party|Make It Meme
73%
The IRL name of: TarncWilliam
73%
What is the hardest completed demon on the server?arcturus
64%
Who has the most records in the aforementioned list?Crimsonking22
64%
The IRL name of: apiGarrett
64%
Who has the most pointercrate.com list points on the server?Vikings
64%
What is the only fully automated public channel on the server?#demonlist-changes
55%
Who was the first person to join? (who is still in the server)FlameStorm
55%
The IRL name of: SuperjaviconFrancisco
55%
Who was the person that helped set up role permissions on the server?Kaiawoo
55%
The IRL name of: noldockNolan
55%
Who has the third hardest demon among Close Friends?noldock
55%
What was the latest @everyone ping in #general about?Sink 96%
55%
The IRL name of: bebelnirkLucian
45%
The IRL name of: RazinRaymond
45%
The IRL name of: ALiveWizardSoren
45%
The IRL name of: Planet KattenVincent
45%
The IRL name of: KuzzKHalldor
36%

Score Distribution

Percentile by Number Answered

Percent of People with Each Score

Your Score History

You have not taken this quiz